书目信息 |
| 题名: |
大学基础物理学(第二版)同步辅导及习题全解
|
|
| 作者: | 刘东星 , 边文思 主编 | |
| 分册: | ||
| 出版信息: | 北京 中国水利水电出版社 2009.03 |
|
| 页数: | 296页 | |
| 开本: | 23cm | |
| 丛书名: | 九章丛书 | |
| 单 册: | ||
| 中图分类: | O4 | |
| 科图分类: | ||
| 主题词: | 物理学--wu li xue--高等学校--教学参考资料 | |
| 电子资源: | ||
| ISBN: | 978-7-5084-6332-2 | |
| 000 | 01136nam 2200277 450 | |
| 001 | 012010937953 | |
| 005 | 20111230084107.60 | |
| 010 | @a978-7-5084-6332-2@dCNY19.50 | |
| 100 | @a20100104d2009 em y0chiy0120 ea | |
| 101 | 0 | @achi |
| 102 | @aCN@b110000 | |
| 105 | @aa z 000yy | |
| 200 | 1 | @a大学基础物理学(第二版)同步辅导及习题全解@Ada xue ji chu wu li xue(di er ban)tong bu fu dao ji xi ti quan jie@f主编刘东星, 边文思@Fzhu bian liu dong xing,bian wen si |
| 210 | @a北京@c中国水利水电出版社@d2009.03 | |
| 215 | @a296页@c图@d23cm | |
| 225 | 2 | @a九章丛书@Ajiu zhang cong shu |
| 225 | 2 | @a高校经典教材同步辅导丛书@Agao xiao jing dian jiao cai tong bu fu dao cong shu |
| 330 | @a本书根据清华大学出版社出版、张三慧编著的教材《大学基础物理学》(上、下册)编写。对教材中各章的思考题做了深刻的分析,对各章的习题做了全面的解析。 | |
| 410 | 0 | @12001 @a九章丛书 |
| 410 | 0 | @12001 @a高校经典教材同步辅导丛书 |
| 606 | 0 | @a物理学@Awu li xue@x高等学校@j教学参考资料 |
| 690 | @aO4@v4 | |
| 701 | 0 | @a刘东星@Aliu dong xing@4主编 |
| 701 | 0 | @a边文思@Abian wen si@4主编 |
| 801 | 0 | @aCN@bQSSK@c20111230 |
| 905 | @b770986-88@dO4@eL607@f3 | |
| 大学基础物理学(第二版)同步辅导及习题全解/主编刘东星, 边文思.-北京:中国水利水电出版社,2009.03 |
| 296页:图;23cm.-(九章丛书).-(高校经典教材同步辅导丛书) |
| ISBN 978-7-5084-6332-2:CNY19.50 |
| 本书根据清华大学出版社出版、张三慧编著的教材《大学基础物理学》(上、下册)编写。对教材中各章的思考题做了深刻的分析,对各章的习题做了全面的解析。 |
| ● |
| 相关链接 |
|
|
|
正题名:大学基础物理学(第二版)同步辅导及习题全解
索取号:O4/L607
 
预约/预借
| 序号 | 登录号 | 条形码 | 馆藏地/架位号 | 状态 | 备注 |
| 1 | 1188660 | 211886609 | 自科库401/401自科库 54排2列2层/ [索取号:O4/L607] | 在馆 | |
| 2 | 1188661 | 211886618 | 自科库401/401自科库 54排2列2层/ [索取号:O4/L607] | 在馆 | |
| 3 | 1188662 | 211886627 | 自科二线504/504自科库 43排5列3层/ [索取号:O4/L607] | 在馆 |